000 01222nam a2200313 a 4500
001 000010813
005 20250924073801.0
008 091012s1981 dr 000 0 spa d
040 _aDO-SdBNP
_bspa
_cBNPHU
082 _a330.122
_bD671f
100 1 _aDomínguez, Jaime de Jesús,
_d1947-
_910244
245 1 0 _aFeudalismo, capitalismo mercantil y capitalismo industrial /
_cJaime de Jesús Domínguez.
260 _aSanto Domingo :
_bUASD,
_c1981.
300 _a229 p. ;
_c21 cm.
490 1 _aPublicaciones de la Universidad Autónoma de Santo Domingo
_v294
490 1 _aHistoria y sociedad
_v43
500 _aIncluye referencias bibliográficas y notas al pie de las páginas
500 _aIncluye datos bibliográficos del autor en la contracubierta
504 _aBibliografía: p. 223-229
590 _aInventariado, 2018/ YL
650 0 _aFeudalismo
_918470
650 4 _aHistoria medieval
_9935
650 0 _aCapitalismo
_9280
650 0 _aHistoria económica
_91620
710 1 _aUniversidad Autónoma de Santo Domingo
_972951
830 _aPublicaciones de la Universidad Autónoma de Santo Domingo
_v294
_952
830 0 _aHistoria y sociedad
_v43
_913749
910 _aValidado. Control de calidad MFF
999 _c10562
_d10562